Entrepreneurship, growth and economic integration : (Record no. 28985)

MARC details
000 -LEADER
fixed length control field 00962nam a2200241 a 4500
005 - DATE AND TIME OF LATEST TRANSACTION
control field 20090806160032.0
008 - FIXED-LENGTH DATA ELEMENTS--GENERAL INFORMATION
fixed length control field 080922s2008 ii 001 0 eng
010 ## - LCCN (DPL NO)
LC control number ENG-94658
020 ## - INTERNATIONAL STANDARD BOOK NUMBER
International Standard Book Number 9788184881448
Terms of availability 950.00
035 ## - SYSTEM CONTROL NUMBER
System control number EN-78191
037 ## - SOURCE OF ACQUISITION
Source of stock number/acquisition DBAD / PUB
040 ## - CATALOGING SOURCE
Original cataloging agency dpl
Language of cataloging English
082 ## - DEWEY DECIMAL CLASSIFICATION NUMBER
Classification number 338.04
245 ## - TITLE STATEMENT
Title Entrepreneurship, growth and economic integration :
Remainder of title a linkage /
Statement of responsibility, etc edited by V.B. Angadi, H.S. Cheema [and] M.R. Das
260 ## - PUBLICATION, DISTRIBUTION, ETC. (IMPRINT)
Place of publication, distribution, etc New Delhi
Name of publisher, distributor, etc Himalaya Publishing House
Date of publication, distribution, etc 2009
270 ## - ADDRESS
Address Pooja Apartments, 4-B Murari Lal Street, Ansari Road, Daryaganj,
City New Delhi
Postal code 110002
300 ## - PHYSICAL DESCRIPTION
Extent xvii, 325p.
Dimensions 22cm(Hb)
700 ## - ADDED ENTRY--PERSONAL NAME
Personal name Angadi, V.B.
700 ## - ADDED ENTRY--PERSONAL NAME
Personal name Cheema, H.S.
700 ## - ADDED ENTRY--PERSONAL NAME
Personal name Das, M.R.
942 ## - ADDED ENTRY ELEMENTS (KOHA)
Source of classification or shelving scheme Dewey Decimal Classification
Item type English Books
Call number suffix ENT
Classification part 338.04
Holdings
Withdrawn status Lost status Source of classification or shelving scheme Damaged status Not for loan Collection code Home library Current library Date acquired Source of acquisition Cost, normal purchase price Total Checkouts Full call number Barcode Date last seen Copy number Cost, replacement price Koha item type
    Dewey Decimal Classification   Not For Loan Non-fiction D.B.Act.Division D.B.Act.Division 06/08/2009 DBAD / PUB 950.00   338.04 ENT EN-78191 06/08/2009 1 950.00 English Books

© Delhi Public Library
Hit Counter
free hit counter